LEADER 00969nam a2200217 4500 001 000000354383 003 CaOOAMICUS 005 20230622150859.0 008 230622s1970 it 000 u ita r 040 $aSeMil$bita 100 1 $aCasini, Tito,$d<1897-1987>.$0(OLS)http://semarc/name/10572 245 12$aL'ultima messa di Paolo 6. :$bsogno di una notte d'autunno /$cTito Casini ; copertina di Sigfrido Bartolini. 264 1$aFirenze :$bIl Carro di San Giovanni,$c1970. 300 $a157 p. ;$c21 cm 650 4$aLiturgia - Riforma.$0(OLS)http://semarc/subject/1164 700 1 $aBartolini, Sigfrido.$0(OLS)http://semarc/name/110678 850 $aSeMil 852 $aSeMil$W1$xVenegono$y1$m3K III 273$j241677$B245642$CSeMilBibl$Z2$F245642 $81 996 $6245$aL'ultima messa di Paolo 6. :$bsogno di una notte d'autunno$9(OLS)http://semarc/title/444520 996 $6264$aFirenze :$bIl Carro di San Giovanni$9(OLS)http://semarc/publisher/50688 LEADER 01230nam a2200241 i 4500 001 000000122487 003 CaOOAMICUS 005 20040204000000.0 008 040204s1898 xxk u000 u eng u 013 $a95182 040 $aSeMil$bita 100 1 $aPlummer, Alfred <1841-1926>.$0(OLS)http://semarc/name/32497 245 12$aA critical and exegetical commentary on the Gospel according to S. Luke /$cby Alfred Plummer. 250 $a2. ed. 260 $aEdinburgh :$bT. & T. Clark,$c1898. 300 $alxxxviii, 592 p. ;$c22 cm. 490 0 $aThe International Critical Commentary : on the Holy Scriptures of the Old and New Testaments. 650 4$aBibbia. Nuovo Testamento. Vangelo secondo Luca - Commentari, studi, critica, interpretazioni.$0(OLS)http://semarc/subject/142 830 4$aThe International Critical Commentary : on the Holy Scriptures of the Old and New Testaments.$0(OLS)http://semarc/title/97019 850 $aSeMil 852 $aSeMil$W1$xVenegono$y1$m2Z I 379$j228866$B77452$CSeMilBibl$Z2$F79375 $8I 996 $6245$aA critical and exegetical commentary on the Gospel according to S. Luke$9(OLS)http://semarc/title/180429 996 $6260$aEdinburgh :$bT. & T. Clark$9(OLS)http://semarc/publisher/29818